Temas de política social. Efectos del narcotráfico /

Guardado en:
Bibliografiske detaljer
Autores Corporativos: Fundación Friedrich Ebert, Instituto Latinoamericano de Investigaciones Sociales ILDIS
Format: Texto
Udgivet: La Paz: ILDIS
Tags: Tilføj Tag
Ingen Tags, Vær først til at tagge denne postø!

MARC

LEADER 00000 a a2200000 04500
001 25493
003
040 |a CRAI/IIS  |c CRAI/IIS 
090 |a 152802  
110 |a Fundación Friedrich Ebert  
245 |a Temas de política social. Efectos del narcotráfico /  |c Fundación Friedrich Ebert  
260 |a La Paz:   |b ILDIS  
300 |a 125 p   |b **no definido**  
710 |a Instituto Latinoamericano de Investigaciones Sociales   |a ILDIS  
999 |c 16875  |d 16875